Malam yang panjang

Bibliographic Details
Main Author: Wan Muhammad Said
Format: Book
Published: Kuala Lumpur : DBP , 1991
Series:Novel remaja
Subjects:

MARC

LEADER 00000cam a2200000 7i4500
001 0000006655
002 000007177
005 20011211.0
020 |a 9836224246 
090 0 0 |a F   |b WAN 
100 0 |a Wan Muhammad Said 
245 1 0 |a Malam yang panjang   |c Wan Muhammad Said 
260 |a Kuala Lumpur :   |b DBP ,   |c 1991 
300 |a 153p. ;   |c 18cm. 
490 0 |a Novel remaja 
650 0 0 |a Young adult fiction 
999 |a 039401   |b BUKU   |c YOUTH FICTION   |e PERPUSTAKAAN KOMUNITI PETALING JAYA 
999 |a 039402   |b BUKU   |c PINJAMAN   |e PERPUSTAKAAN KOMUNITI PETALING JAYA 
999 |a 054075   |b BUKU   |c FICTION   |e PERPUSTAKAAN KOMUNITI CAW KOTA DAMANSARA